[Event "95839 X. Rakosmente Open"]
[Site "Budapest, Hungary"]
[Date "2014.06.01"]
[Round "5.14"]
[White "Filep, Gyorgy Dr"]
[Black "Dawud, Savannah Rose"]
[Result "0-1"]
[WhiteElo "1494"]
[BlackElo "1224"]
[PlyCount "52"]
[EventDate "2014.??.??"]

1. e4 e5 2. Nf3 Nc6 3. d4 exd4 4. Nxd4 Bc5 5. Nb3 Bb6 6. Nc3 Nf6 7. Bg5 h6 8.
Bh4 Ne7 9. Qe2 d6 10. O-O-O Ng6 11. Bg3 Qe7 12. a4 a5 13. f3 O-O 14. h4 h5 15.
Bf2 Bxf2 16. Qxf2 Ne5 17. Be2 Rd8 18. Rhe1 c6 19. f4 Ng6 20. e5 dxe5 21. Rxd8+
Qxd8 22. fxe5 Nxe5 23. g3 Neg4 24. Bxg4 Bxg4 25. Ne4 Nxe4 26. Rxe4 Qd1# 0-1

[Event "95839 X. Rakosmente Open"]
[Site "Budapest, Hungary"]
[Date "2014.01.06"]
[Round "6.1"]
[White "Kovacs, Marton"]
[Black "Bodrogi, Laszlo"]
[Result "1-0"]
[WhiteElo "2141"]
[BlackElo "1955"]
[PlyCount "114"]
[EventDate "2014.??.??"]

1. d4 e6 2. Nf3 Nf6 3. c4 b6 4. Nc3 Bb4 5. Bg5 h6 6. Bh4 O-O 7. e3 Bb7 8. Bd3
d6 9. a3 Bxc3+ 10. bxc3 Nbd7 11. O-O Re8 12. Nd2 e5 13. Bf5 Nf8 14. f4 exf4 15.
exf4 Ng6 16. Bg3 Re3 17. d5 Qe8 18. Re1 Rxe1+ 19. Qxe1 Qa4 20. Qb1 Nf8 21. Qb4
Qxb4 22. cxb4 Bc8 23. Bd3 Bd7 24. Re1 Re8 25. Rxe8 Bxe8 26. Bh4 Ng6 27. Bxf6
gxf6 28. g3 Bd7 29. Kf2 Kg7 30. Nb3 Ne7 31. Nd4 b5 32. c5 dxc5 33. bxc5 Nxd5
34. Bxb5 Bxb5 35. Nxb5 a6 36. Nd4 Kg6 37. Ke2 h5 38. Kd3 f5 39. Kc4 Nf6 40. Kb4
h4 41. Ka5 hxg3 42. hxg3 Ne4 43. Kxa6 Nxc5+ 44. Kb5 Ne4 45. a4 c5 46. Ne2 Kh5
47. a5 Kg4 48. Kc6 Kf3 49. a6 Kxe2 50. a7 c4 51. a8=Q c3 52. Qa2+ Kd1 53. Qd5+
Nd2 54. Qh1+ Kc2 55. Qd5 Kb2 56. Qd4 Ne4 57. g4 Kb1 1-0

[Event "95839 X. Rakosmente Open"]
[Site "Budapest, Hungary"]
[Date "2014.01.06"]
[Round "6.2"]
[White "Szendeff, Miklos"]
[Black "Fodor, Balazs"]
[Result "0-1"]
[WhiteElo "1869"]
[BlackElo "1899"]
[PlyCount "52"]
[EventDate "2014.??.??"]

1. e4 c6 2. d4 d5 3. Nd2 dxe4 4. Nxe4 Nd7 5. Ne2 Ngf6 6. N2g3 e6 7. c3 Be7 8.
Bd3 Qc7 9. h4 b6 10. Bg5 Nd5 11. Bxe7 Nxe7 12. Qg4 g6 13. Qe2 Bb7 14. h5 O-O-O
15. Ba6 Nd5 16. a4 Nf4 17. Bxb7+ Kxb7 18. Qf3 e5 19. Rh4 f5 20. Ng5 Nf8 21. h6
Qe7 22. O-O-O Qxg5 23. Qe3 Qxh4 24. Qxe5 Nd7 25. Qg7 Ne6 26. Qf7 Qf6 0-1

[Event "95839 X. Rakosmente Open"]
[Site "Budapest, Hungary"]
[Date "2014.01.06"]
[Round "6.3"]
[White "Somogyi, Gabor"]
[Black "Mihok, Laszlo"]
[Result "0-1"]
[WhiteElo "1984"]
[BlackElo "2078"]
[PlyCount "62"]
[EventDate "2014.??.??"]

1. d4 d5 2. Nf3 Nf6 3. g3 Bf5 4. Bg2 Qc8 5. c4 dxc4 6. Qa4+ c6 7. Qxc4 Be6 8.
Qc2 Bh3 9. O-O Bxg2 10. Kxg2 e6 11. Nc3 Be7 12. Bg5 Nbd7 13. Rac1 h6 14. Bf4
O-O 15. a3 Nd5 16. Bd2 f5 17. e4 Nxc3 18. Bxc3 Nf6 19. exf5 exf5 20. Ne5 Kh7
21. f3 Nd5 22. Rce1 Bd6 23. Bd2 Qc7 24. Re2 c5 25. Rc1 Rae8 26. f4 b6 27. dxc5
Bxe5 28. fxe5 Rxe5 29. Rxe5 Qxe5 30. cxb6 axb6 31. Re1 Qxe1 0-1

[Event "95839 X. Rakosmente Open"]
[Site "Budapest, Hungary"]
[Date "2014.01.06"]
[Round "6.4"]
[White "Torok, Tamas Titusz"]
[Black "Daroczy, Sandor"]
[Result "1-0"]
[WhiteElo "2091"]
[BlackElo "1924"]
[PlyCount "59"]
[EventDate "2014.??.??"]

1. e4 e6 2. Nf3 d5 3. Nc3 Nf6 4. exd5 exd5 5. d4 c6 6. Bd3 Qe7+ 7. Ne2 Bg4 8.
Ne5 Bh5 9. O-O Qc7 10. Qe1 Be7 11. Nf4 Bg6 12. Nfxg6 hxg6 13. Bf4 Nh5 14. Bg5
Nf6 15. Qe3 Nbd7 16. h3 Nxe5 17. dxe5 Ne4 18. Bxe7 Qxe7 19. Bxe4 dxe4 20. Qxe4
Rh4 21. Qe3 Qb4 22. c3 Qe4 23. Qc5 b6 24. Qd6 Rd8 25. Qc7 Rd7 26. Qb8+ Ke7 27.
Rad1 Qf5 28. e6 Qxe6 29. Rxd7+ Kxd7 30. Rd1+ 1-0

[Event "95839 X. Rakosmente Open"]
[Site "Budapest, Hungary"]
[Date "2014.01.06"]
[Round "6.5"]
[White "Molnar, Laszlo"]
[Black "Wirth, Adam"]
[Result "1/2-1/2"]
[WhiteElo "2070"]
[BlackElo "1913"]
[PlyCount "112"]
[EventDate "2014.??.??"]

1. e4 c5 2. b3 Nc6 3. Bb2 e5 4. Bc4 d6 5. Ne2 Nf6 6. Nbc3 Be6 7. d3 Be7 8. O-O
O-O 9. h3 a6 10. a4 Nd4 11. f4 Bxc4 12. bxc4 Rb8 13. fxe5 dxe5 14. Nd5 b5 15.
axb5 axb5 16. Ra7 Nxd5 17. cxd5 Ra8 18. Rxa8 Qxa8 19. Ng3 Qa2 20. Bxd4 cxd4 21.
Nf5 Qa7 22. Qg4 g6 23. Qg3 Qc7 24. Kh1 Bd6 25. Rb1 b4 26. Nxd6 Qxd6 27. Qe1 Rb8
28. Rb3 Kg7 29. Qa1 Rc8 30. Qb2 Rb8 31. Qa2 Rc8 32. Rb2 Qf6 33. Qb1 Rb8 34. Kg1
Qg5 35. Ra2 Qf6 36. Ra4 Qg5 37. Ra7 Qe3+ 38. Kh1 Qf4 39. Qd1 Rc8 40. Rb7 Qf2
41. Qf3 Qxf3 42. gxf3 Rxc2 43. Rxb4 Rc3 44. d6 Kf6 45. f4 Rc6 46. fxe5+ Kxe5
47. Rb7 Rxd6 48. Rxf7 h5 49. Kg2 Ra6 50. Rf3 h4 51. Kf2 Ra2+ 52. Kf1 Ra1+ 53.
Kg2 Ra2+ 54. Rf2 Ra3 55. Rd2 Kf4 56. Kf2 Rb3 1/2-1/2

[Event "95839 X. Rakosmente Open"]
[Site "Budapest, Hungary"]
[Date "2014.01.06"]
[Round "6.6"]
[White "Repasi, Zoltan Sr"]
[Black "Pozsonyi, Istvan"]
[Result "0-1"]
[WhiteElo "2128"]
[BlackElo "2016"]
[PlyCount "62"]
[EventDate "2014.??.??"]

1. e4 c5 2. Nf3 d6 3. d4 cxd4 4. Nxd4 Nf6 5. Nc3 a6 6. Bc4 e6 7. Bb3 Nbd7 8.
Be3 Nc5 9. f3 Be7 10. Qd2 O-O 11. O-O-O b5 12. Kb1 b4 13. Nce2 Nxb3 14. axb3
Bd7 15. Qxb4 d5 16. Qe1 e5 17. Nf5 Bxf5 18. exf5 Qd7 19. g4 Rfc8 20. Ng3 d4 21.
Bc1 Qc7 22. Qe2 a5 23. g5 a4 24. bxa4 Nd5 25. Ne4 Rxa4 26. b3 Qa5 27. Bb2 Nc3+
28. Nxc3 dxc3 29. bxa4 Rb8 30. Qc4 Rxb2+ 31. Ka1 Rb4 0-1

[Event "95839 X. Rakosmente Open"]
[Site "Budapest, Hungary"]
[Date "2014.01.06"]
[Round "6.7"]
[White "Szoukup, Helga"]
[Black "Keszi, Janos"]
[Result "0-1"]
[WhiteElo "1844"]
[BlackElo "2092"]
[PlyCount "126"]
[EventDate "2014.??.??"]

1. e4 c5 2. Nf3 d6 3. d4 cxd4 4. Nxd4 Nf6 5. Nc3 a6 6. Be2 e5 7. Nf3 Be7 8. h3
h6 9. Be3 Be6 10. O-O Nbd7 11. Nd2 Qc7 12. Bf3 Rc8 13. Rc1 Nb6 14. Re1 O-O 15.
Ne2 d5 16. Bxb6 Qxb6 17. exd5 Nxd5 18. c4 Nb4 19. Qb3 Rfd8 20. Red1 Rd3 21. Nc3
Qd4 22. Nde4 Bxc4 23. Rxd3 Qxd3 24. Qa4 b5 25. Qa5 Qd8 26. Qxd8+ Rxd8 27. a3
Nd3 28. Rb1 f5 29. Ng3 g6 30. Be2 Bb3 31. Bd1 Bf7 32. b4 e4 33. Nce2 Bf6 34.
Bb3 Be5 35. Bxf7+ Kxf7 36. h4 h5 37. Rd1 Rc8 38. f3 Nb2 39. Rd7+ Ke8 40. Ra7
exf3 41. gxf3 Rc6 42. f4 Bf6 43. Ra8+ Kf7 44. Ra7+ Ke6 45. Kg2 Nc4 46. Rh7 Nxa3
47. Rh6 Kf7 48. Rh7+ Kg8 49. Rd7 Nc2 50. Nf1 Nxb4 51. Ne3 a5 52. Rb7 Rc5 53.
Rb6 Kf7 54. Rb7+ Ke6 55. Rb6+ Nc6 56. Nd1 b4 57. Nf2 a4 58. Nd3 Rc4 59. Kf3 b3
60. Ne5 Bxe5 61. fxe5 Kxe5 62. Rb5+ Kd6 63. Nf4 Nd4+ 0-1

[Event "95839 X. Rakosmente Open"]
[Site "Budapest, Hungary"]
[Date "2014.01.06"]
[Round "6.8"]
[White "Horvath, Csaba"]
[Black "Firnigel, Janos"]
[Result "1/2-1/2"]
[WhiteElo "1845"]
[BlackElo "1733"]
[PlyCount "50"]
[EventDate "2014.??.??"]

1. e4 c5 2. Nf3 d6 3. d4 cxd4 4. Nxd4 Nf6 5. Nc3 g6 6. Be3 Bg7 7. f3 O-O 8. Qd2
Nc6 9. Bc4 Bd7 10. O-O-O Rc8 11. Bb3 Ne5 12. h4 Qa5 13. Kb1 Rfe8 14. Bh6 Bh8
15. h5 Nc4 16. Bxc4 Rxc4 17. Nb3 Qa6 18. hxg6 fxg6 19. Nd5 Be6 20. Nf4 Bf7 21.
Qa5 Qxa5 22. Nxa5 Ra4 23. Nb3 Nd7 24. Nd5 Bxd5 25. Rxd5 Nb6 1/2-1/2

[Event "95839 X. Rakosmente Open"]
[Site "Budapest, Hungary"]
[Date "2014.01.06"]
[Round "6.10"]
[White "Dawud, Savannah Rose"]
[Black "Safar, Istvan"]
[Result "0-1"]
[WhiteElo "1224"]
[BlackElo "1728"]
[PlyCount "54"]
[EventDate "2014.??.??"]

1. e4 c5 2. Nf3 Nc6 3. d4 cxd4 4. Nxd4 d6 5. Nc3 Nf6 6. Bg5 e6 7. Nxc6 bxc6 8.
Bd3 Be7 9. O-O O-O 10. Kh1 h6 11. Bh4 Bb7 12. Qd2 Qc7 13. Rae1 Rfe8 14. Bg3 Nh5
15. Ne2 Nxg3+ 16. hxg3 e5 17. Kh2 Rad8 18. g4 d5 19. Ng3 dxe4 20. Nxe4 c5 21.
b3 Rd4 22. c3 Rd7 23. Qe3 Red8 24. Rd1 Bc6 25. Qf3 Bxe4 26. Qxe4 Rxd3 27. Rxd3
Rxd3 0-1

[Event "95839 X. Rakosmente Open"]
[Site "Budapest, Hungary"]
[Date "2014.01.06"]
[Round "6.11"]
[White "Szoukup, Istvan"]
[Black "Lakatos, Tamas"]
[Result "0-1"]
[WhiteElo "1792"]
[BlackElo "1581"]
[PlyCount "96"]
[EventDate "2014.??.??"]

1. e4 c5 2. Nf3 e6 3. d4 cxd4 4. Nxd4 Nc6 5. Nc3 Qc7 6. Be3 a6 7. Be2 Nf6 8. g4
Bb4 9. f3 h6 10. Qd2 Nxd4 11. Bxd4 e5 12. Be3 Bxc3 13. Qxc3 Qxc3+ 14. bxc3 d6
15. Bb6 Bd7 16. Rd1 Ke7 17. Kf2 Rac8 18. c4 Rc6 19. Rb1 Be6 20. Rb4 Rhc8 21.
Ba7 Bxc4 22. Rxb7+ Nd7 23. Bd1 Bxa2 24. Be3 Bc4 25. h4 Bb5 26. g5 hxg5 27. hxg5
Ba4 28. g6 Bxc2 29. gxf7 R8c7 30. Rxc7 Rxc7 31. Be2 Rc6 32. Rc1 Kxf7 33. Ra1
Nc5 34. Bc4+ Ne6 35. Bd5 Rc8 36. Rxa6 Ke7 37. Ra7+ Rc7 38. Ra8 Bd3 39. Kg3 Bc4
40. Rg8 Bxd5 41. exd5 Kf7 42. Rh8 Nf8 43. Rh1 Rc3 44. Re1 Rd3 45. Kg4 Rxd5 46.
Ra1 Nh7 47. Ra7+ Kg6 48. Rd7 Nf6+ 0-1

[Event "95839 X. Rakosmente Open"]
[Site "Budapest, Hungary"]
[Date "2014.01.06"]
[Round "6.12"]
[White "Csomor, Gabor"]
[Black "Csiki, Endre"]
[Result "1-0"]
[WhiteElo "1714"]
[BlackElo "1532"]
[PlyCount "119"]
[EventDate "2014.??.??"]

1. c4 g6 2. g3 Bg7 3. Bg2 d6 4. d4 Nf6 5. Nc3 O-O 6. h3 Nc6 7. Nf3 a6 8. Bg5 h6
9. Bd2 Bd7 10. e4 e5 11. d5 Ne7 12. Qc1 Kh7 13. O-O Ne8 14. b4 Qc8 15. Kh2 f5
16. Rb1 fxe4 17. Nxe4 Bf5 18. Nh4 Bxe4 19. Bxe4 Nf6 20. Qc2 Nxe4 21. Qxe4 Nf5
22. Nxf5 Qxf5 23. Qxf5 Rxf5 24. Be3 Raf8 25. Kg2 Rf3 26. b5 a5 27. b6 R3f7 28.
bxc7 Rxc7 29. Rfc1 Rfc8 30. Rb5 a4 31. Rb4 b5 32. Rxb5 Rxc4 33. Rxc4 Rxc4 34.
Ra5 g5 35. Kf3 e4+ 36. Ke2 Bd4 37. Bxd4 Rxd4 38. Kf1 Kg6 39. Ra6 Rxd5 40. Rxa4
Kf5 41. Ke2 Rc5 42. Ra6 Ke5 43. a4 Rc2+ 44. Ke3 d5 45. f4+ exf3 46. Kxf3 Rc3+
47. Kf2 d4 48. Rxh6 Ke4 49. Re6+ Kd5 50. Rg6 Kc4 51. a5 Ra3 52. Rxg5 d3 53. Ke1
Ra1+ 54. Kd2 Ra2+ 55. Kc1 Ra1+ 56. Kd2 Ra2+ 57. Ke3 d2 58. Ke2 Kc3 59. Rd5 Kc2
60. Rxd2+ 1-0

[Event "95839 X. Rakosmente Open"]
[Site "Budapest, Hungary"]
[Date "2014.01.06"]
[Round "6.13"]
[White "Kovacsy, Barnabas"]
[Black "Di Giovanni, Vilmos"]
[Result "0-1"]
[WhiteElo "1646"]
[BlackElo "1795"]
[PlyCount "100"]
[EventDate "2014.??.??"]

1. e4 d5 2. exd5 Nf6 3. d4 Nxd5 4. c4 Nb6 5. Nc3 g6 6. Be3 Bg7 7. Rc1 O-O 8. b3
c6 9. h3 Re8 10. Nf3 N8d7 11. c5 Nd5 12. Nxd5 cxd5 13. Bf4 e5 14. dxe5 Nxe5 15.
Bxe5 Bxe5 16. Nxe5 Rxe5+ 17. Be2 Bd7 18. O-O Bc6 19. Bf3 Qa5 20. Qd4 Rae8 21.
Qc3 Qd8 22. Qd4 a6 23. b4 Qg5 24. g3 h5 25. Bg2 Re2 26. a3 Rd2 27. Qa1 Ree2 28.
Bf3 Ra2 29. Bxe2 Rxa1 30. Rxa1 h4 31. g4 Qd2 32. Bf3 Qf4 33. Bg2 f5 34. gxf5
Qxf5 35. Rad1 g5 36. Rd4 Kf7 37. f4 g4 38. Rfd1 gxh3 39. Bxd5+ Bxd5 40. Rxd5
Qg4+ 41. Kf1 Qxf4+ 42. Ke2 Qe4+ 43. Kf2 Qg2+ 44. Ke3 Qg3+ 45. Ke4 Qg4+ 46. Ke5
h2 47. Rd7+ Ke8 48. Rxb7 Qxd1 49. Rb8+ Qd8 50. Rxd8+ Kxd8 0-1

[Event "95839 X. Rakosmente Open"]
[Site "Budapest, Hungary"]
[Date "2014.01.06"]
[Round "6.14"]
[White "Makrai, Bence"]
[Black "Czimer, Jozsef"]
[Result "0-1"]
[WhiteElo "1461"]
[BlackElo "1680"]
[PlyCount "50"]
[EventDate "2014.??.??"]

1. e4 c5 2. Nf3 d6 3. d4 cxd4 4. Nxd4 Nf6 5. Bb5+ Bd7 6. Bxd7+ Nbxd7 7. Nc3 a6
8. O-O g6 9. Be3 Bg7 10. Qd2 Ng4 11. Rad1 O-O 12. f3 Nxe3 13. Qxe3 Qb6 14. Rfe1
e6 15. Re2 Qxb2 16. Rb1 Qa3 17. Rxb7 Ne5 18. Rb3 Qa5 19. f4 Nc4 20. Qd3 Qc5 21.
e5 dxe5 22. Na4 Qxd4+ 23. Qxd4 exd4 24. Nc5 Rfd8 25. Nd3 Rd5 0-1